00890nam a2200205Ia 4500003000900000008004100009020002200050040001600072080002200088111007300110245026500183260004800448300001400496490005900510650002300569650002400592700002200616700002300638700002300661IN-BaIIA211028s9999 xx 000 0 eng d a978-0-521-89784-6 cIIA Library a523.4(082.1)bDEC aSpace Telescope Science Institute SymposiumcMarylandd2008 May 2- 5 2aA decade of extrasolar planets around normal starsbproceedings of the space telescope science institute symposium, held in Baltimore, Maryland, May 2- 5 , 2008cedited by Mario Livio, Kailash Sahu and Jeff Valenti  aCambridgebCambridge University Pressc2008 axi, 183p. aSpace telescope science institute symposium series; 19 aExtrasolar planets aPlanetory migration aLivio, Mario, ed. aSahu, Kailash, ed. aValenti, Jeff, ed.